000 00924nam a2200217Ii 4500
003 JO-AjNU
008 230605s9999||||xx |||||||||||||| ||und||
040 _aJO-AjNU
_bara
_erda
_cJO-AjNU
041 _aara
050 1 4 _aKMM80.M6352.1999
100 3 _a احمد ، محمد شريف ,
_eauthor
_924993
245 0 0 _aمصادر الإلتزام في القانون المدني " دراسة مقارنة بالفقة الاسلامي "
250 _aط1
264 3 1 _aعمان : مكتبة دار الثقافة ، 1999
300 _a326ص
_bيشتمل على ملاحق ص (284 - 317 )
336 _atext
_btxt
_2rdacontent
337 _aunmediated
_bn
_2rdamedia
338 _avolume
_bnc
_2rdacarrier
490 0 _aالمكتبة القانونية (240)
650 4 _aالالتزامات -- قوانين وتشريعات -- الالتزامات (فقه إسلامي) -- الالتزامات -- الأردن
_924994
999 _aA9290
_c12858
_d12858